书目信息 |
| 题名: |
环保工作者实用手册
|
|
| 作者: | 本书编写组编 | |
| 分册: | ||
| 出版信息: | 北京 冶金工业出版社 1984.11 |
|
| 页数: | 861页 | |
| 开本: | 32开 | |
| 丛书名: | ||
| 单 册: | ||
| 中图分类: | X-61 , X3-61 | |
| 科图分类: | ||
| 主题词: | 环境堡--环境管理 | |
| 电子资源: | ||
| ISBN: | 7-5024-0283-7 | |
| 000 | 00580nam0 2200193 45 | |
| 001 | 0199005771 | |
| 005 | 20211206104136.35 | |
| 010 | @a7-5024-0283-7@d8.90元 | |
| 100 | @a19990804d km y0chiy0120 ea | |
| 101 | 0 | @achi |
| 105 | @a z 000yy | |
| 200 | 1 | @AHUAN BAO GONG ZUO ZHE SHI YONG SHOU CE@FBEN SHU BIAN XIE ZU BIAN@a环保工作者实用手册@f本书编写组编 |
| 210 | @a北京@c冶金工业出版社@d1984.11 | |
| 215 | @a861页@c无图表@d32开 | |
| 606 | 0 | @a环境堡@x环境管理 |
| 690 | @aX-61@v3 | |
| 690 | @aX3-61@v4 | |
| 801 | @aCN@bPftUser@c20000613 | |
| 905 | @dX3-61@eH261@b205171-172@f2 | |
| 环保工作者实用手册/本书编写组编.-北京:冶金工业出版社,1984.11 |
| 861页:无图表;32开 |
| ISBN 7-5024-0283-7:8.90元 |
| ● |
| 相关链接 |
|
|
|
正题名:环保工作者实用手册
索取号:X3-61/H261
 
预约/预借
| 序号 | 登录号 | 条形码 | 馆藏地/架位号 | 状态 | 备注 |
| 1 | 0204318 | 202043181 | 期刊室512/501自科库 61排6列1层/ [索取号:X3-61/H261] | 在馆 | |
| 2 | 205171 | 202051714 | 自科库501/ [索取号:X-61/H:261] | 在馆 | |
| 3 | 205172 | 202051723 | 自科库501/501自科库 61排6列1层/ [索取号:X-61/H:261] | 在馆 |